000 00581nam a22002057a 4500
003 OSt
005 20140310182807.0
008 130215t xxu||||| |||| 00| 0 eng d
020 _a0134987330
050 _aLB1051
_b.Ol52 2007
082 _aPSYCH 153.1
_b.H42 2007
245 _aAn introduction to theories of learning /
_cOlson, Matthew H.
260 _aEnglewood Cliffs, N.J.
_bPrentice-Hall
_cc1976
300 _axiii, 4506 p. :
_c23.4 cm.
_bill. ;
521 _acollege students
526 _c1210L-1700L
541 _j1
562 _e1
942 _2lcc
_cBK
_kPSYCH
999 _c16103
_d16103